Legal solutions for medical profession : (Record no. 14891)

MARC details
000 -LEADER
fixed length control field 01024nam a22002297a 4500
005 - DATE AND TIME OF LATEST TRANSACTION
control field 20080818160350.0
008 - FIXED-LENGTH DATA ELEMENTS--GENERAL INFORMATION
fixed length control field 080818t xxu||||| |||| 00| 0 eng d
010 ## - LIBRARY OF CONGRESS CONTROL NUMBER
LC control number EN-90742
020 ## - INTERNATIONAL STANDARD BOOK NUMBER
Terms of availability 1395.00
035 ## - SYSTEM CONTROL NUMBER
System control number EN-74275
037 ## - SOURCE OF ACQUISITION
Source of stock number/acquisition DBAD / PUB
040 ## - CATALOGING SOURCE
Original cataloging agency DPL
082 ## - DEWEY DECIMAL CLASSIFICATION NUMBER
Classification number 344.54041
100 ## - MAIN ENTRY--PERSONAL NAME
Personal name Vipul Kumar
245 ## - TITLE STATEMENT
Title Legal solutions for medical profession :
Remainder of title (legal provisions useful for doctors, nursing homes & hospitals) /
Statement of responsibility, etc by Vipul Kumar
260 ## - PUBLICATION, DISTRIBUTION, ETC. (IMPRINT)
Place of publication, distribution, etc Bareilly
Name of publisher, distributor, etc St. Mathew Scientific Research Foundation
Date of publication, distribution, etc c2008
300 ## - PHYSICAL DESCRIPTION
Extent viii, 484p.
Dimensions 24 cm.(Hb)
650 ## - SUBJECT ADDED ENTRY--TOPICAL TERM
Topical term or geographic name as entry element Medical laws and legislation
Geographic subdivision India
942 ## - ADDED ENTRY ELEMENTS (KOHA)
Source of classification or shelving scheme Dewey Decimal Classification
Koha item type English Books
Classification part 344.54041
Call number suffix VIP
Holdings
Withdrawn status Lost status Damaged status Not for loan Collection code Home library Current library Date acquired Source of acquisition Cost, normal purchase price Total Checkouts Full call number Barcode Date last seen Cost, replacement price Price effective from Koha item type Source of classification or shelving scheme Date checked out Copy number
      Not For Loan Non-fiction D.B.Act.Division D.B.Act.Division 18/08/2008 DBAD / PUB 1395.00   344.54041 VIP EN-74275 15/09/2008 1395.00 15/09/2008 English Books      
        Non-fiction Vinoba Puri Vinoba Puri 02/03/2009 DBAct 1395.00 1 344.54041 VIP B-317494 10/10/2019 1395.00 02/03/2009 English Books Dewey Decimal Classification 04/10/2019 1

© Delhi Public Library
Hit Counter
free hit counter